000 00727nam a2200229 i 4500
001 134976
003 ES-MaACL
005 20250903005839.0
007 t|
008 070704s1959 sp ||||1| spa d
080 _a517.2/.3(075.8)
080 _a516(075.8)
100 1 _aThomas, George B.
_9110011
245 1 0 _aCálculo infinitesimal y Geometría analítica /
_cGeorge B. Thomas ; traducción del inglés por Julio Porcel Moleón.
260 _aMadrid :
_bAguilar,
_c1959.
300 _aXV, 798 p. :
_bil. ;
_c22 cm.
650 4 _aGeometría analítica.
_913100
650 7 _aCálculo
_2embne
_910668
700 1 _aPorcel Moleón, Julio.
_993116
852 _aES-MaACL
_jC-15482
_bR.43631
999 _c134976
_d134976